00390 2200157 4500001002100000005001500021035002000036245004600056100001500102300001200117260004700129082000800176084001400184020002200198990001200220INLIS00000000000177320250505032918 a0010-05250000651 aSurga Yang Tak Dirindukan 2 /cAsma Nadia0 aAsma Nadia a356 hlm aDepok :bAsmaNadia Publishing House,c2016 a813 a813 ASM s a978-602-9055-52-8 a0754594